El fantasma de la opereta /
Largometraje número 35 de la extensa filmografía del director Fernando Cortés (1903-1979), puertorriqueño que desarrolló su trayectoria cinematográfica en México, con la presencia del actor Germán Valdés "Tin Tan" (1915-1973) al frente del reparto como el mesero Aldo. Enamorado de la vedette Lucy, A...
Enregistré dans:
| Auteur principal: | |
|---|---|
| Autres auteurs: | , , , , , , , |
| Format: | |
| Langue: | espagnol |
| Publié: |
México :
Producciones Brooks,
1959
|
| Collection: | (Tin Tan: La Colección)
|
| Sujets: | |
| Tags: |
Pas de tags, Soyez le premier à ajouter un tag!
|
MARC
| LEADER | 00000ngm^a2200000^a^4500 | ||
|---|---|---|---|
| 001 | 000170602 | ||
| 005 | 20250521000000.0 | ||
| 009 | 20260310101317.36 | ||
| 037 | |a Acervo ITESO - Biblioteca | ||
| 041 | |a ESP | ||
| 082 | |a 860. |b COR | ||
| 100 | |a Cortés, Fernando |e (realización) | ||
| 245 | 1 | 3 | |a El fantasma de la opereta / |c Realización de F. Cortés. |
| 264 | 1 | |a México : |b Producciones Brooks, |c 1959 | |
| 264 | 2 | |a México : |b Zima Entertainment [distribución], |c copyright fecha no identificada | |
| 300 | |a 1 DVD regiones 1 y 4 |c (80 min.) | ||
| 336 | |a imagen móvil bidimensional |b tdi |2 rdacontenido | ||
| 337 | |a video |b v |2 rdamedio | ||
| 338 | |a videodisco |b vd |2 rdasoporte | ||
| 440 | 1 | |a (Tin Tan: La Colección) | |
| 520 | |a Largometraje número 35 de la extensa filmografía del director Fernando Cortés (1903-1979), puertorriqueño que desarrolló su trayectoria cinematográfica en México, con la presencia del actor Germán Valdés "Tin Tan" (1915-1973) al frente del reparto como el mesero Aldo. Enamorado de la vedette Lucy, Aldo reinaugura el teatro de la opereta, cerrado desde 1914 porque presuntamente alberga un fantasma, y descubre el secreto del recinto a lo largo de una trama que integra números musicales y elementos cómicos, a modo de parodia del cine de horror. | ||
| 649 | |a XX | ||
| 650 | |a Fantasmas en el Cine | ||
| 650 | |a Parodias | ||
| 650 | |a Comedias Cinematográficas | ||
| 650 | |a Películas Musicales | ||
| 650 | |a Cine Mexicano - |y 1950-1959 | ||
| 650 | |a Cine Mexicano - |y Siglo XX | ||
| 650 | |a Cine en Blanco y Negro - |z México | ||
| 650 | |a Comedia Musical - |z México (Ciudad) | ||
| 650 | |a Teatro - |z México (Ciudad) | ||
| 650 | |a Cultura Urbana - |z México (Ciudad) | ||
| 650 | |a Cultura Popular - |z México (Ciudad) | ||
| 700 | |a Martínez Solares, Gilberto |e (guión) | ||
| 700 | |a García, Juan |e (guión) | ||
| 700 | |a Draper, Jack |e (fotógrafo) | ||
| 700 | |a Schoemann, Gloria |e (montaje) | ||
| 700 | |a Esperón, Manuel |e (música) | ||
| 700 | |a Valdés, Germán |e (actuación) | ||
| 700 | |a Peluffo, Ana Luisa |e (actuación) | ||
| 700 | |a Aldás, Luis |e (actuación) | ||
| 910 | |a Fondo General | ||
| 920 | |a Audiovisuales - DVDs | ||
| 940 | |a Películas | ||
| 905 | |a 302 | ||
| 901 | |a 0500088221 |b IT2 |c DVS |u 20250521 | ||
| 902 | |a https://opac.biblio.iteso.mx/vufind/Record/000170602 | ||